Districts of Yozgat (Yozgat'ın ilçeleri). - Statistics

General Stats
  • This quiz has been taken 108 times
  • The average score is 9 of 14
Answer Stats
Population (Nüfus) District (İlçe) % Correct
79.977 Sorgun
92%
109.197 Merkez
90%
41.577 Akdağmadeni
77%
33.892 Boğazlıyan
77%
18.245 Çekerek
72%
32.175 Sarıkaya
67%
34.214 Yerköy
62%
12.109 Çayıralan
58%
14.129 Şefaatli
55%
4.227 Çandır
53%
11.966 Saraykent
52%
5.178 Yenifakılı
52%
10.004 Kadışehri
47%
11.552 Aydıncık
45%
No matching quizzes found
Score Distribution
Percent of People with Each Score
Percentile by Number Answered
Your Score History
You have not taken this quiz